| 000 | 00860nam0a22002651 4500 | ||
|---|---|---|---|
| 001 | rc\345485 | ||
| 005 | 20250621051012.0 | ||
| 035 | _a(NLR Aleph) 005588790 | ||
| 090 |
_a6190170 _c6190170 |
||
| 100 | _a20030307d1989 |||y0rusy50 ca | ||
| 101 | 0 | _arus | |
| 102 | _aRU | ||
| 105 | _ay ||||||||| | ||
| 200 | 1 |
_aОкончательный текст _fСтарт |
|
| 210 |
_aМ. _cПрометей _aСвердловск _cТПО "Старт" _d1989 |
||
| 215 |
_a16 с. _d21 |
||
| 225 | 1 | _aФантастика. Детектив. Приключения | |
| 225 | 1 | _aКнижка в дорогу | |
| 700 | 1 |
_7ca _8rus _aЛевчин _bР. З. _f1946-2013 _gРафаэль Залманович _9270419 _3RU\NLR\AUTH\770270475 |
|
| 801 | 0 |
_aRU _bNLR _gpsbo |
|
| 801 | 1 |
_aRU _bELAR _2rusmarc |
|
| 852 |
_aNLR _j91-6/219 |
||
| 942 | _cBOOK | ||
| 980 | _aNB | ||